[Event "Skovbo GM 2012"]
[Site "Borup Kulturhus"]
[Date "2012.09.14"]
[Round "1.14"]
[White "Hansen, Lars-Henrik Bech"]
[Black "Pedersen, Hans Dahl"]
[Result "1/2-1/2"]
[WhiteElo "2013"]
[BlackElo "2211"]
[PlyCount "20"]
[EventDate "2012.??.??"]
[WhiteTeam "BMS Skak"]
[BlackTeam "Køge Skakklub"]

1. e4 c5 2. Nf3 e6 3. d4 cxd4 4. Nxd4 a6 5. Bd3 Bc5 6. Nb3 Be7 7. O-O Qc7 8. f4
d6 9. Nc3 Nf6 10. Qe2 Nc6 11. a3 b5 12. g4 Nd7 13. Be3 Bb7 14. Qf2 0-0 15. g5
Rfe8 16. Qh4 1/2-1/2

[Event "Skovbo GM 2012"]
[Site "Borup Kulturhus"]
[Date "2012.09.14"]
[Round "1.27"]
[White "Schmidt, Horst Hubert"]
[Black "Jensen, Henrik"]
[Result "1-0"]
[WhiteElo "1863"]
[BlackElo "1612"]
[PlyCount "131"]
[EventDate "2012.??.??"]
[WhiteTeam "Brønshøj Skakforening"]
[BlackTeam "Skovbo Skakklub"]

1. e4 e5 2. d3 Nc6 3. Nc3 Bc5 4. Nge2 Qh4 5. g3 Qf6 6. f4 d6 7. Nd5 Qd8 8. Bg2
Nf6 9. Nec3 Nd4 10. b4 Nxd5 11. Nxd5 Bb6 12. Nxb6 axb6 13. c3 Nb5 14. c4 Nd4
15. O-O O-O 16. f5 f6 17. h4 Qe8 18. g4 Qa4 19. a3 Qxd1 20. Rxd1 Nb3 21. Ra2
Nxc1 22. Rxc1 Bd7 23. b5 Ra5 24. Bf3 Rfa8 25. Rca1 c6 26. bxc6 bxc6 27. Bd1 b5
28. Bb3 Kf8 29. cxb5 Rxb5 30. Bc4 Rba5 31. Kf2 Ke7 32. Ke3 c5 33. Rb2 Kd8 34.
Bd5 R8a7 35. Rb8+ Bc8 36. Rb6 Kc7 37. Rab1 R7a6 38. Rxa6 Rxa6 39. Rb3 Ra4 40.
g5 Ba6 {(=)} 41. gxf6 gxf6 42. Kd2 Rd4 43. Kc2 Ra4 44. Bf7 Bb7 45. Be8 Rd4 46.
a4 d5 47. exd5 Bxd5 48. Rb5 Kd6 49. h5 Rf4 50. Rb6+ Ke7 51. Bc6 Bxc6 52. Rxc6
Rxa4 53. Rc7+ Kf8 54. Rxh7 Rf4 55. h6 c4 56. dxc4 Rxc4+ 57. Kd3 Rh4 58. Rh8+
Kf7 59. Ke3 Rf4 60. Ra8 Rxf5 61. h7 Rh5 62. h8=Q Rxh8 63. Rxh8 Kg6 64. Ke4 Kf7
65. Kf5 Kg7 66. Ra8 1-0

[Event "Skovbo GM 2012"]
[Site "Borup Kulturhus"]
[Date "2012.09.14"]
[Round "1.28"]
[White "Larsen, Paul M"]
[Black "Jensen, Steen Dahlgård"]
[Result "0-1"]
[WhiteElo "1611"]
[BlackElo "1846"]
[PlyCount "96"]
[EventDate "2012.??.??"]
[WhiteTeam "Haslev Skakklub"]
[BlackTeam "Maribo Skakklub"]

1. d4 Nf6 2. Nf3 c5 3. e3 cxd4 4. Nxd4 e5 5. Nf3 Nc6 6. Be2 d5 7. c3 Be7 8. O-O
O-O 9. Qc2 Qc7 10. Nbd2 Bg4 11. Nb3 Rac8 12. h3 Bh5 13. Nh2 Bg6 14. Bd3 Nb4 15.
Qd2 Nxd3 16. Rd1 Rfd8 17. Qe2 Qc4 18. Nd2 Nxc1 19. Qxc4 dxc4 20. Raxc1 Ne4 21.
Nxe4 Bxe4 22. Nf3 f6 23. Nd2 Bg6 24. Nf1 Kf7 25. Nd2 Rd3 26. Kf1 Rcd8 27. Ke2
b5 28. a3 h5 29. Nf1 h4 30. Nd2 Bc5 31. Nf1 Ke6 32. Ke1 Bh5 33. Rd2 R8d6 34.
Rcc2 Bg6 35. Rc1 Be4 36. f3 Bf5 37. Ke2 Rxd2+ 38. Nxd2 Bd3+ 39. Kf2 f5 40. Re1
f4 41. Ne4 Bxe4 42. fxe4 g5 43. Kf3 Rd2 44. Re2 fxe3 45. Rxd2 exd2 46. Ke2 Be3
47. Kd1 g4 48. hxg4 Kf6 0-1

[Event "Skovbo GM 2012"]
[Site "Borup Kulturhus"]
[Date "2012.09.14"]
[Round "1.32"]
[White "Kakulidis, Ellen"]
[Black "Rasmussen, Henning"]
[Result "1/2-1/2"]
[WhiteElo "1366"]
[BlackElo "1783"]
[PlyCount "40"]
[EventDate "2012.??.??"]
[WhiteTeam "Aalborg Skakforening af 1889"]
[BlackTeam "Nykøbing Sjælland Skakklub"]

1. d4 Nf6 2. c4 g6 3. Nc3 Bg7 4. e4 d6 5. f4 O-O 6. Nf3 c6 7. Bd3 e6 8. h3 Ne8
9. g4 f5 10. g5 d5 11. e5 Nc7 12. b3 Re8 13. Qe2 Bf8 14. Qf2 dxc4 15. bxc4 c5
16. d5 exd5 17. cxd5 Nxd5 18. Bc4 Be6 19. Nxd5 Bxd5 20. Qe2 Be6 1/2-1/2

[Event "Skovbo GM 2012"]
[Site "Borup Kulturhus"]
[Date "2012.09.14"]
[Round "1.34"]
[White "Christensen, Kristen Bjørn"]
[Black "Hansen, Erik Levin"]
[Result "0-1"]
[WhiteElo "1223"]
[BlackElo "1753"]
[PlyCount "58"]
[EventDate "2012.??.??"]
[WhiteTeam "Ejby Skakklub"]
[BlackTeam "Haslev Skakklub"]

1. d4 c5 2. c3 e6 3. e3 Nf6 4. Bd3 Nc6 5. Nd2 d5 6. f4 Be7 7. Ngf3 a6 8. O-O
Ng4 9. Qe2 f5 10. b3 b5 11. h3 Nf6 12. Ne5 Nxe5 13. fxe5 Ne4 14. Nxe4 dxe4 15.
Bc2 O-O 16. Ba3 b4 17. Bb2 a5 18. Rad1 bxc3 19. Bxc3 Ba6 20. Qf2 Bxf1 21. Qxf1
Qb6 22. Rb1 Rfc8 23. Qf2 cxd4 24. Bxd4 Qb5 25. a4 Qd5 26. Rd1 Qc6 27. Bb1 Bb4
28. Bb2 Rd8 29. Rf1 Rd2 0-1

[Event "Skovbo GM 2012"]
[Site "Borup Kulturhus"]
[Date "2012.09.14"]
[Round "1.35"]
[White "Hagerup, Per"]
[Black "Fredericia, Ellen"]
[Result "1-0"]
[WhiteElo "1660"]
[BlackElo "1196"]
[PlyCount "39"]
[EventDate "2012.??.??"]
[WhiteTeam "Furesø Skakklub"]
[BlackTeam "Skakklubben K41"]

1. e4 e6 2. d4 d5 3. Nc3 dxe4 4. Nxe4 Be7 5. Nf3 Nf6 6. Bd3 Nbd7 7. Ng3 O-O 8.
O-O b6 9. Re1 Bb7 10. c3 c5 11. Bc2 Qc7 12. Bg5 Rfe8 13. Qd3 c4 14. Qd2 Nd5 15.
Bxe7 Nxe7 16. Ng5 h6 17. Bh7+ Kh8 18. Nxf7+ Kxh7 19. Rxe6 Ng8 20. Qc2+ 1-0

[Event "Skovbo GM 2012"]
[Site "Borup Kulturhus"]
[Date "2012.09.14"]
[Round "1.36"]
[White "Larsson, Jørgen"]
[Black "Skovle, Lars Ørnbo"]
[Result "1-0"]
[WhiteElo "1159"]
[BlackElo "1658"]
[PlyCount "109"]
[EventDate "2012.??.??"]
[WhiteTeam "Skovbo Skakklub"]
[BlackTeam "Frederiksberg Skakforening"]

1. d4 f5 2. c4 Nf6 3. Nc3 g6 4. Nf3 Bg7 5. h3 d6 6. e3 c6 7. Bd3 O-O 8. O-O Qc7
9. Re1 Nbd7 10. Ng5 Nb6 11. c5 Nbd5 12. Nxd5 cxd5 13. cxd6 Qxd6 14. b3 Ne4 15.
Nxe4 fxe4 16. Be2 e5 17. Bb2 Bd7 18. a4 Qf6 19. Rf1 Qg5 20. dxe5 Bxh3 21. Qxd5+
Kh8 22. Qxe4 Bf5 23. f4 Qe7 24. Ba3 Qxa3 25. Qxf5 Qxb3 26. Qb1 Qxe3+ 27. Kh2
Qxe2 28. Qxb7 Rfb8 29. Qf3 Qxf3 30. Rxf3 Rb2 31. Re3 Re8 32. Re4 Kg8 33. Rd1
Re7 34. Rd6 Kf7 35. Kh3 Rb6 36. Rd5 Ke6 37. Rc5 Rd7 38. Kg4 h6 39. Rc8 Ke7 40.
Rec4 Ke6 41. R8c7 Rb7 42. R4c6+ Kd5 43. Rxd7+ Kxc6 44. Rd6+ Kc5 45. Rxg6 Re7
46. Ra6 Kd5 47. g3 Bf8 48. Kf5 Rf7+ 49. Rf6 Rxf6+ 50. Kxf6 Kc4 51. Kf7 Bc5 52.
g4 Kb4 53. f5 Kxa4 54. f6 Kb5 55. e6 1-0